Guidelines for Hazard Evaluation Procedures

Guardado en:
Detalles Bibliográficos
Formato: Libro
Lenguaje:inglés
Publicado: Hoboken Wiley 2008
Edición:3rd Ed.
Etiquetas: Agregar Etiqueta
Sin Etiquetas, Sea el primero en etiquetar este registro!

MARC

LEADER 00000nam a22000003a 4500
001 0068753
003 SK-STU
005 20181120085741.5
007 ta
008 181120s ----xo-----e------000-0-----d
020 |a 978-0-471-97815-2 
040 |a STU  |b slo 
041 0 |a eng 
044 |a xxu 
245 1 0 |a Guidelines for Hazard Evaluation Procedures 
250 |a 3rd Ed. 
260 |b Wiley  |c 2008  |a Hoboken 
300 |a 576 s. 
996 |b 284M088002  |c M* 14180-1  |l MMST  |s A  |a 24  |w 0068753_0001